000 00276nam a2200121Ia 4500
008 170224s9999 xx 000 0 und d
245 _aNursing Diversity
260 _bAmerican Journal of Nursing
260 _c2016
300 _a116:5
500 _aMay
650 _xNursing.
999 _c316995
_d316995